000 00648nam a22002057i 4500
999 _c23453
_d23453
003 AR-CdUCM
008 260119b20182018 pe||||| |||| 00| 0 spa d
020 _a978-612-47097-8-4
040 _aMUNICIPALIDAD PROVINCIAL DEL CUSCO
_cBIBLIOTECA MUNICIPAL DEL CUSCO
041 _hspa
082 _aES / 803 /
_bC32
100 _aCastillo Fan, Jorge
_952017
245 _aDel mar y otros Misterios /
260 _aLima :
_bInversiones Harold Alva EIRL
_c2024
300 _a51 páginas. :
_c17x12 cm.
505 _aEl mar y yo -- El bote fantasma -- La pesca fatal
650 _aEl mar y yo
_952018
942 _2ddc
_cLIBROS
945 _apbjr
_d19-01-2026